000 01955cam a2200289 i 4500
001 115068
005 20230410103722.0
008 140310b2008 ilua 000 0 eng
020 _a9788497347099
041 0 _aSPA
050 1 4 _a315 DP 86
_bP346f 2008
100 1 _aPayne, Stanley G.
245 0 0 _aFranco y Hitler :
_bEspaña, Alemania, La Segunda Guerra Mundial y El Holocausto /
_cStanley G. Payne
260 _aEspaña :
_bLa Esfera de Libros,
_cc2008
300 _a473 p. :
_bill.
500 _aTraducción de Jesús Cuéllar Menezo
500 _aIncluye índice y notas bibliográficas
520 _aEste libro de Stanley G. Payne nos proporciona, con su maestría habitual, una visión única de las relaciones entre Franco y Hitler, entre la España del nacionacatolicismo y la Alemania del nacioanlsocialismo, y nos demuestra la cuasi alianza entre ambos dictadores. También señala cómo el Führer terminó considerando al Cauidillo «un charalatán latino» y como éste, que sí quería participar en la gerra, consideraba que «España no puede entrar por gusto». El Gobierno español colaboró con las potencias del Eje mucho más que cualquier otro país neutral a lo largo del conflicto. La fórmula adoptada en 1940 de la «no beligerencia» - inventada por el Duce al estallar la guerra y no poder sus ejércitos entrar aúb eb combate - le posicionaba al lado de Alemania, aunque sin intervenir directamente en el conflicto; y durante casi tres años y medio los intercambios comerciales, económicos, culturales, militares y propagandísticos fueron de gran intensidad.
650 4 _aAlemania
_xHistoria
650 4 _aFranco, Francisco, 1892-1975.
650 4 _aHitler, Adolf, 1889-1945.
650 4 _aHolocausto Judío (1939-1945)
_xAlemania.
650 4 _aEspaña
_xHistoria
_xGuerra civil española, 1936-1939.
_xParticipación Allemania.
700 1 _aCuéllar Menezo, Jesús
942 _2lcc
_cbk
946 _aJaaM
999 _c24489
_d24489